00455nam a2200181 a 4500001001300000003000900013005001700022008004100039020002200080082001400102100001200116245002600128260005000154300000900204500003500213650001300248700001200261nice12345678IN_TiNIC20260116015401.0120402s2008 dina grp 000 0 eng  a9788189882822c3000a266bJER4 aJerry,  aGaining Momentum....! aDindigul, India bVaigarai Pubs. House c2008 a120p aincludes index and biblioraphy aMissions1 aJerry,